000 00308nam a22001337a 4500
008 181005b xxu||||| |||| 00| 0 eng d
020 _a9780813109374
041 _aeng
080 _a821
100 _a22
101 _aGJL
245 _aTwentieth-Century Southern Literature
_cBryant, J.A
942 _2udc
_cBK
999 _c48917
_d48917